[Event "Wattens op 10th"]
[Site "Wattens"]
[Date "1995.??.??"]
[Round "?"]
[White "Andersen, Ivan Normann"]
[Black "Delmarko, Dietmar"]
[Result "1-0"]
[WhiteElo "1880"]
[BlackElo "1710"]
[PlyCount "95"]
[EventDate "1995.??.??"]
[EventType "swiss"]
[EventRounds "9"]
[EventCountry "AUT"]
[SourceTitle "EXT 2000"]
[Source "ChessBase"]
[SourceDate "1999.11.16"]
[SourceVersion "1"]
[SourceVersionDate "1999.11.16"]
[SourceQuality "1"]

1. d4 d5 2. Nf3 Nf6 3. Bg5 e6 4. e3 Be7 5. Nbd2 Nbd7 6. Bd3 0-0 7. 0-0 Ne8 8. Bf4 f5 9. c4 c6 10. h3 Rf7 11. cxd5 exd5 12. Qc2 g6 13. Rab1 Ng7 14. b4 a6 15. a4 Ne6 16. Be5 Nf6 17. b5 Bd7 18. bxa6 bxa6 19. Rb7 Ne8 20. Rfb1 Nd6 21. R7b6 Qc8 22. Bxa6 Qe8 23. Bb7 Nxb7 24. Rxb7 Rf8 25. Qa2 Bc8 26. Rb8 Rxb8 27. Bxb8 Bf6 28. a5 Ba6 29. Bd6 Be7 30. Qa3 Bxd6 31. Qxd6 Bb5 32. Ne5 f4 33. Ndf3 fxe3 34. fxe3 Kg7 35. Rc1 Nd8 36. Ng5 Nf7 37. Ne6+ Kg8 38. Qxf8+ Qxf8 39. Nxf8 Nxe5 40. dxe5 Kxf8 41. Kf2 Ke7 42. Kf3 Ke6 43. Kf4 g5+ 44. Kxg5 Kxe5 45. Kh6 Kd6 46. Kxh7 c5 47. g4 c4 48. g5 1-0